Milwaukee Bucks roster 2020-2021 - Statistics

General Stats
  • This quiz has been taken 102 times
  • The average score is 9 of 17
Answer Stats
Jersey Number Answer % Correct
34 Giannis Antetokounmpo
100%
11 Brook Lopez
93%
21 Jrue Holiday
93%
22 Khris Middleton
92%
9 Bobby Portis
79%
43 Thanasis Antetokounmpo
74%
24 Pat Connaughton
68%
17 P.J. Tucker
58%
0 Donte DiVincenzo
51%
13 Jordan Nwora
46%
5 Jeff Teague
33%
7 Bryn Forbes
31%
66(TW) Axel Toupane
22%
44(TW) Justin Jackson
20%
15 Sam Merrill
18%
25 Mamadi Diakite
16%
3 Elijah Bryant
13%
No matching quizzes found
Score Distribution
Percent of People with Each Score
Percentile by Number Answered
Your Score History
You have not taken this quiz